000 00752cab a2200265 4500
001 WB2821-23
008 090401t1992 xxu||||| |||| 00| 0 eng d
035 _a(Sirsi) u19430
041 _aeng
245 _aUK agents blocked in EC
260 _c1992
350 _a0
490 _aEstates Times
_v(1144) 22 May 1992, 1(1)
520 _aBritish surveyors` qualifications are still not readily accepted in Europe despite a two-year-old EC directive requiring mutual recognition.
650 _aEC DIRECTIVES
650 _aFRANCE
650 _aITALY
650 _aMUTUAL RECOGNITION
650 _aPROFESSIONAL QUALIFICATIONS
650 _aRICS
650 _aSPAIN
690 _aEUROPE-SINGLE MARKET
942 _n0
948 _c04/03/1997
999 _c12968
_d12968